Αρχιπέλαγος Γκούλαγκ : 1918-1956
Αποθηκεύτηκε σε:
| Κύριος συγγραφέας: | |
|---|---|
| Άλλοι συγγραφείς: | |
| Μορφή: | Βιβλίο |
| Γλώσσα: | Greek |
| Δημοσίευση: |
Αθήνα :
Πάπυρος,
2009
|
| Θέματα: | |
| Ετικέτες: |
Προσθήκη ετικέτας
Δεν υπάρχουν, Καταχωρήστε ετικέτα πρώτοι!
|
MARC
| LEADER | 00000nam a2200000 i 4500 | ||
|---|---|---|---|
| 001 | 1/35803 | ||
| 008 | 130829s2007 gre d | ||
| 020 | |a 978-960-6715-88-4 | ||
| 035 | |l 10115522 | ||
| 040 | |a GR-MY-UA |b gre |e aacr | ||
| 041 | 0 | |a gre | |
| 082 | 0 | |a 891.7 |2 (22) | |
| 100 | 1 | |a Solzhenitsyn, Alexander Isaevich |d 1918-2008. | |
| 245 | 1 | 0 | |a Αρχιπέλαγος Γκούλαγκ : |b 1918-1956 / |c Α. Σολζενίτσιν ; μετάφραση Κίρα Σίνου ; πρόλογος: Σπύρος Ράσης |
| 260 | |a Αθήνα : |b Πάπυρος, |c 2009 | ||
| 300 | |a 681 σ.; |c 21 εκ. | ||
| 504 | |a Περιλαμβάνει βιβλιογραφία και ευρετήριο | ||
| 650 | 0 | 0 | |a Political prisoners |z Soviet Union |x Biography. |
| 650 | 0 | 0 | |a Political pesecution |z Soviet Union |x History. |
| 650 | 0 | 0 | |a Concentration camps |z Soviet Union |x History. |
| 700 | 1 | |a Σίνου, Κίρα, |d 1923-2007. |4 edt | |
| 852 | |a INST |b LESVOS |e 20130829 |h 891.7 SOL |p 005100052906 |q 005100052906 |t BK |y 0 | ||
| 901 | |a BIBL1-2013-2 | ||
| 909 | |a Λ |b 179230 | ||
| 922 | |a 1ΕΛΗ |b 2013-04 |c ΤΜΗΜΑ ΚΟΙΝΩΝΙΟΛΟΓΙΑΣ |d ΙΩΑΝΝΙΔΟΥ | ||
| 970 | |a ΤΖΑΦΕΡΗ |b ΕΥΑΓΓΕΛΙΑ |z 2013/09/10 | ||